00471nam a2200157Ia 4500003000900000008004100009040001600050080001500066100002000081245008700101260003800188300001400226650002800240650001900268650002600287IN-BaIIA211028s9999 xx 000 0 eng d cIIA Library a535.3bKOL aKoller, Lewis R 0aUltraviolet radiationcLewis R Koller  aNew YorkbJohn Wiley & Sonsc1952 aix, 270p. aLight-Visible Radiation aNASA Thesaurus aUltraviolet Radiation